| 000 | 01036cab a2200265 4500 | ||
|---|---|---|---|
| 001 | ABS56032 | ||
| 008 | 090401t1996 xxu||||| |||| 00| 0 eng d | ||
| 035 | _a(Sirsi) u20551 | ||
| 041 | _aeng | ||
| 100 | _aMyers, A. | ||
| 245 | _aRecovery of service charges | ||
| 260 | _c1996 | ||
| 350 | _a0 | ||
| 490 |
_aEstates Gazette _v(9644) 2 November 1996, 174-175(2) |
||
| 520 | _aConsiders how restrictions under the Housing Act 1996 mean that a freeholder will no longer be able to forfeit a residential lease solely on the grounds that the tenant has not paid a disputed service charge. Outlines how the landlord should go about recovering unpaid service charges under the new act. | ||
| 650 | _aARREARS | ||
| 650 | _aFORFEITURE OF LEASE | ||
| 650 | _aHOUSING ACT 1996 | ||
| 650 | _aPROTECTION FROM EVICTION ACT 1977 S2 | ||
| 650 | _aSECTION 146 NOTICES | ||
| 650 | _aSERVICE CHARGES | ||
| 690 | _aPROPERTY-RESIDENTIAL PROPERTY-RESIDENTIAL LANDLORD AND TENANT-RESIDENTIAL TENANCIES | ||
| 942 | _n0 | ||
| 948 | _c04/03/1997 | ||
| 999 |
_c13768 _d13768 |
||